[Event "Landesklasse Ost 2015/2016"]
[Site "?"]
[Date "2015.10.25"]
[Round "2"]
[White "Thöle, Wolfgang"]
[Black "Hadlich, Gerald"]
[Result "1/2-1/2"]
[WhiteElo "1929"]
[BlackElo "1808"]
[PlyCount "47"]
[EventDate "2015.??.??"]
[EventType "team"]
[SourceDate "2011.09.20"]
[WhiteTeam "SV Jenapharm Jena"]
[BlackTeam "SV Hermsdorf"]

1. e4 e6 2. d4 d5 3. exd5 exd5 4. Bd3 Nc6 5. c3 Bd6 6. Ne2 Nge7 7. O-O Bf5 8.
Bxf5 Nxf5 9. Qd3 Nfe7 10. Bg5 O-O 11. Nd2 Qd7 12. Qf3 Ng6 13. Rae1 Nce7 14.
Bxe7 Nxe7 15. Ng3 Rae8 16. Re3 Bxg3 17. fxg3 Ng6 18. Rfe1 c6 19. Qe2 Rxe3 20.
Qxe3 f6 21. Nb3 b6 22. Nc1 Kf7 23. Nd3 Re8 24. Qxe8+ 1/2-1/2

[Event "Landesklasse Ost 2015/2016"]
[Site "?"]
[Date "2015.10.25"]
[Round "2"]
[White "Schulz, Phillip"]
[Black "Riedel, Hans-Joachim"]
[Result "1/2-1/2"]
[WhiteElo "1693"]
[BlackElo "1769"]
[PlyCount "116"]
[EventDate "2015.??.??"]
[EventType "team"]
[SourceDate "2011.09.20"]
[WhiteTeam "SV Hermsdorf"]
[BlackTeam "SV Jenapharm Jena"]

1. d4 d5 2. Nf3 Nf6 3. g3 Bf5 4. Bg2 e6 5. O-O Be7 6. c4 c6 7. Nc3 Nbd7 8. Nd2
O-O 9. e4 dxe4 10. Ndxe4 Nxe4 11. Nxe4 Nf6 12. Nc3 Qb6 13. c5 Qc7 14. Bf4 Qd7
15. Qa4 a6 16. h3 Nd5 17. Nxd5 exd5 18. Kh2 g5 19. Be3 Bf6 20. Qb4 Rfe8 21. Qd2
g4 22. hxg4 Bxg4 23. Rae1 Re6 24. Bg5 Rae8 25. Bxf6 Rxf6 26. Rxe8+ Qxe8 27. Re1
Re6 28. Qg5+ Kf8 29. Rxe6 Qxe6 30. Qd8+ Kg7 31. Qg5+ Kf8 32. Qd8+ Kg7 33. Qg5+
Qg6 34. Qxg6+ Kxg6 35. f3 Bf5 36. g4 Bd3 37. Kg3 f5 38. Kf4 fxg4 39. fxg4 a5
40. Bf3 h6 41. a3 Kf6 42. Bg2 Bc4 43. Bf3 Bf1 44. Bd1 Ba6 45. Bc2 Be2 46. Bf5
a4 47. Bc2 Bb5 48. b3 axb3 49. Bxb3 Bd3 50. Bd1 Ke6 51. g5 hxg5+ 52. Kxg5 Kd7
53. a4 Kc7 54. a5 Bb5 55. Kf6 Ba6 56. Ke7 Bb5 57. Ke6 Ba6 58. Bb3 Bf1 1/2-1/2

[Event "Landesklasse Ost 2015/2016"]
[Site "?"]
[Date "2015.10.25"]
[Round "2"]
[White "Skarus, Steffen"]
[Black "Bülau, Daniel"]
[Result "1/2-1/2"]
[WhiteElo "1768"]
[BlackElo "1666"]
[PlyCount "40"]
[EventDate "2015.??.??"]
[EventType "team"]
[SourceDate "2011.09.20"]
[WhiteTeam "SV Jenapharm Jena"]
[BlackTeam "SV Hermsdorf"]

1. g3 d5 2. Bg2 e6 3. c4 Nf6 4. Nf3 Be7 5. O-O O-O 6. b3 c5 7. cxd5 exd5 8. d4
b6 9. dxc5 bxc5 10. Nc3 Bb7 11. Ba3 Qa5 12. Na4 Na6 13. Rc1 Rac8 14. Ne5 Rfd8
15. Nd3 Ne4 16. Qe1 Qb5 17. Bb2 c4 18. Bxe4 dxe4 19. Nc3 Qf5 20. Nf4 Bg5
1/2-1/2

[Event "Landesklasse Ost 2015/2016"]
[Site "?"]
[Date "2015.10.25"]
[Round "2"]
[White "Pietzsch, Gerhard"]
[Black "Hesse, Norbert"]
[Result "1/2-1/2"]
[WhiteElo "1846"]
[BlackElo "1715"]
[PlyCount "61"]
[EventDate "2015.??.??"]
[EventType "team"]
[SourceDate "2011.09.20"]
[WhiteTeam "SV Hermsdorf"]
[BlackTeam "SV Jenapharm Jena"]

1. e4 c5 2. Nf3 e6 3. d4 cxd4 4. Nxd4 a6 5. Nc3 Qc7 6. Be2 Bb4 7. Bd2 Nf6 8.
Bf3 O-O 9. O-O Bd6 10. h3 Nc6 11. Nxc6 dxc6 12. Qe2 Be7 13. Be3 b5 14. a3 Bb7
15. Bg5 h6 16. Bh4 Rfd8 17. Bg3 Qb6 18. Rfd1 Rxd1+ 19. Nxd1 Rd8 20. c3 c5 21.
Qc2 c4 22. Ne3 Rd3 23. e5 Ne4 24. Bxe4 Bxe4 25. Qe2 Bc5 26. Nf1 Bb7 27. Kh2 Qc6
28. f3 Qd5 29. Re1 g5 30. Bf2 Bxf2 31. Qxf2 1/2-1/2

[Event "Landesklasse Ost 2015/2016"]
[Site "?"]
[Date "2015.10.25"]
[Round "2"]
[White "Sperhake, Franz"]
[Black "Reinsch, Martin"]
[Result "1-0"]
[WhiteElo "1653"]
[BlackElo "1647"]
[PlyCount "117"]
[EventDate "2015.??.??"]
[EventType "team"]
[SourceDate "2011.09.20"]
[WhiteTeam "SV Hermsdorf"]
[BlackTeam "SV Jenapharm Jena"]

1. d4 Nf6 2. Bg5 h6 3. Bh4 c5 4. c3 cxd4 5. cxd4 Nc6 6. Nf3 Qb6 7. b3 g5 8. Bg3
g4 9. Ng1 Qxd4 10. Nd2 Nb4 11. Rc1 d5 12. a3 Nc6 13. e3 Qb2 14. Nb1 Bf5 15. Nc3
Bg7 16. Nge2 O-O 17. Nf4 Ne4 18. Ncxd5 e6 19. Nd3 Qxa3 20. N5f4 Bc3+ 21. Ke2
Bb2 22. Nxb2 Qxb2+ 23. Ke1 Rfd8 24. Nd3 Rxd3 25. Bxd3 Nxg3 26. hxg3 Bxd3 27.
Qxg4+ Bg6 28. Qc4 Rd8 29. Qc3 Qxc3+ 30. Rxc3 Kg7 31. Ke2 a6 32. Rhc1 Rd5 33. f3
Rb5 34. Ra1 Na5 35. Ra3 e5 36. e4 f6 37. Kd3 Bf7 38. Kc2 Nc6 39. Kb2 Nd4 40.
Re3 Rc5 41. Ra2 Be6 42. f4 Bd7 43. b4 Rb5 44. Kc3 Rb6 45. Ra5 Bb5 46. Ra2 Rc6+
47. Kd2 Bf1 48. Kd1 Bc4 49. Rb2 Bb5 50. Kd2 Bf1 51. Kd1 Rb6 52. Rc3 a5 53. Rc7+
Kg6 54. f5+ Kh5 55. Rg7 axb4 56. Ke1 Bxg2 57. Rxg2 Nf3+ 58. Kf2 Ng5 59. Rh2+
1-0

[Event "Landesklasse Ost 2015/2016"]
[Site "?"]
[Date "2015.10.25"]
[Round "2"]
[White "Auerswald, Klaus"]
[Black "Pietsch, Karsten"]
[Result "1/2-1/2"]
[WhiteElo "1550"]
[BlackElo "1663"]
[PlyCount "110"]
[EventDate "2015.??.??"]
[EventType "team"]
[SourceDate "2011.09.20"]
[WhiteTeam "SV Jenapharm Jena"]
[BlackTeam "SV Hermsdorf"]

1. e4 e5 2. d4 exd4 3. Bc4 Bb4+ 4. c3 dxc3 5. bxc3 Ba5 6. Qd5 Qe7 7. Qxa5 Qxe4+
8. Be2 Nf6 9. Nf3 O-O 10. Nbd2 Qc6 11. O-O b6 12. Qg5 Qxc3 13. Rb1 Qa5 14. Qxa5
bxa5 15. Nb3 Re8 16. Bd1 Nc6 17. Bf4 Ba6 18. Re1 Rxe1+ 19. Nxe1 Re8 20. Bf3 d5
21. Nc5 Bc4 22. Bxc7 Bxa2 23. Ra1 Bc4 24. Nc2 Ne5 25. Bxe5 Rxe5 26. Ne3 Bb5 27.
Nb3 a4 28. Nd4 a6 29. h3 h6 30. Rb1 Bd3 31. Rb4 Be4 32. Rxa4 Bxf3 33. Nxf3 Re6
34. Nd4 Rb6 35. f3 g6 36. Ra5 Rd6 37. Nec2 Ne8 38. Rc5 f5 39. Nb4 Nf6 40. Rc6
Rxc6 41. Ndxc6 a5 42. Nxa5 Kf7 43. Nac6 Ke6 44. Kf2 f4 45. Nd3 g5 46. Nd4+ Kf7
47. g3 fxg3+ 48. Kxg3 Kg6 49. Ne5+ Kh7 50. Ndc6 h5 51. Nd4 Kg7 52. Nf5+ Kh7 53.
h4 Ne4+ 54. fxe4 gxh4+ 55. Kxh4 dxe4 1/2-1/2

[Event "Landesklasse Ost 2015/2016"]
[Site "?"]
[Date "2015.10.25"]
[Round "2"]
[White "Buring, Matthias"]
[Black "Zeuner, Ulrich"]
[Result "1-0"]
[WhiteElo "2060"]
[BlackElo "1930"]
[PlyCount "77"]
[EventDate "2015.??.??"]
[EventType "team"]
[SourceDate "2011.09.20"]
[WhiteTeam "SG Arnstadt-Stadtilm"]
[BlackTeam "SV Medizin Erfurt"]

1. e4 e5 2. Nf3 Nc6 3. Bc4 Nf6 4. Ng5 d5 5. exd5 Na5 6. Bb5+ c6 7. dxc6 bxc6 8.
Bd3 Be7 9. O-O h6 10. Ne4 Nd5 11. Ng3 O-O 12. Bf5 Nf4 13. d4 Bg5 14. Bxc8 Qxc8
15. dxe5 Rd8 16. Qe1 Nb7 17. h4 Nxg2 18. Kxg2 Bxh4 19. Qe4 Be7 20. Nf5 Bf8 21.
Be3 Qe6 22. Nd4 Rxd4 23. Bxd4 Nd6 24. Qf4 g5 25. Qh2 Nf5 26. Bc3 Rd8 27. Kh1
Nh4 28. Qg3 Bc5 29. Na3 Qd5+ 30. f3 Nf5 31. Qh3 Qe6 32. Nc4 h5 33. Nd6 Rxd6 34.
exd6 Bxd6 35. Rfe1 Qc8 36. Be5 Bf8 37. Qxh5 Bg7 38. Qxg5 Qd7 39. Rad1 1-0

[Event "Landesklasse Ost 2015/2016"]
[Site "?"]
[Date "2015.10.25"]
[Round "2"]
[White "Kube, Hannelore"]
[Black "Sauer, Marko"]
[Result "1-0"]
[WhiteElo "1836"]
[BlackElo "2043"]
[PlyCount "73"]
[EventDate "2015.??.??"]
[EventType "team"]
[SourceDate "2011.09.20"]
[WhiteTeam "SV Medizin Erfurt"]
[BlackTeam "SG Arnstadt-Stadtilm"]

1. e4 c5 2. d4 cxd4 3. c3 dxc3 4. Nxc3 a6 5. Bc4 Nc6 6. Nf3 e6 7. O-O Be7 8.
Qe2 Qc7 9. Rd1 d6 10. Be3 Nf6 11. Rac1 O-O 12. a4 Bd7 13. Nd4 Rac8 14. Ba2 Nxd4
15. Bxd4 Qa5 16. b4 Qxb4 17. Rb1 Qa5 18. Rxb7 e5 19. Nd5 Nxd5 20. Bxd5 Qxa4 21.
Be3 Bb5 22. Qh5 g6 23. Qf3 Bf6 24. h3 Kg7 25. Kh2 Bc6 26. Bxc6 Qxc6 27. Rb6 Qc7
28. Rbxd6 Be7 29. Rd7 Qc4 30. Rxe7 Rc6 31. Bg5 Re6 32. Red7 Rb6 33. Qe3 Rb3 34.
Bh6+ Kg8 35. Qe1 Rfb8 36. Qd2 Rb1 37. Rd8+ 1-0

[Event "Landesklasse Ost 2015/2016"]
[Site "?"]
[Date "2015.10.25"]
[Round "2"]
[White "Rost, Detlef"]
[Black "Riedel, Erich"]
[Result "1-0"]
[WhiteElo "1849"]
[BlackElo "1742"]
[PlyCount "103"]
[EventDate "2015.??.??"]
[EventType "team"]
[SourceDate "2011.09.20"]
[WhiteTeam "SV Medizin Erfurt"]
[BlackTeam "SG Arnstadt-Stadtilm"]

1. d4 e6 2. Nf3 d5 3. c4 c6 4. Nc3 Bd6 5. e4 dxe4 6. Nxe4 Be7 7. Bd3 Nf6 8. O-O
Nbd7 9. Be3 Nxe4 10. Bxe4 Nf6 11. Bc2 Bd7 12. Qd3 Qc7 13. a3 h6 14. Ne5 Rf8 15.
b4 O-O-O 16. c5 Nd5 17. Qd2 Bf6 18. Nc4 Be7 19. Be4 f5 20. Bxd5 cxd5 21. Bf4
Qc6 22. Bd6 Bxd6 23. Nxd6+ Kb8 24. b5 Qc7 25. Qb4 b6 26. cxb6 Qxb6 27. a4 Bc8
28. Nxc8 Rxc8 29. a5 Qd8 30. Rfc1 Re8 31. Rc6 Qe7 32. Rxc8+ Kxc8 33. Rc1+ Kb8
34. Qc3 Qd6 35. Qc6 Qxc6 36. Rxc6 Kb7 37. f4 Re7 38. Kf2 g6 39. h4 h5 40. Ke3
Kb8 41. Kd3 Rb7 42. Rc5 Rd7 43. Kc3 Rd6 44. Kb4 Kb7 45. Rc3 Rd8 46. Rc6 a6 47.
Rb6+ Kc7 48. Rxa6 Kd7 49. Kc5 Rc8+ 50. Rc6 Ra8 51. a6 Rb8 52. b6 1-0

[Event "Landesklasse Ost 2015/2016"]
[Site "?"]
[Date "2015.10.25"]
[Round "2"]
[White "Jank, Kevin"]
[Black "Stumm, Rainer"]
[Result "1-0"]
[WhiteElo "1728"]
[BlackElo "1558"]
[PlyCount "49"]
[EventDate "2015.??.??"]
[EventType "team"]
[SourceDate "2011.09.20"]
[WhiteTeam "SG Arnstadt-Stadtilm"]
[BlackTeam "SV Medizin Erfurt"]

1. e4 e6 2. Nf3 d5 3. e5 c5 4. b4 c4 5. a3 Ne7 6. d4 cxd3 7. Bxd3 Qc7 8. O-O a6
9. Bb2 Bd7 10. Nc3 Ng6 11. Re1 b5 12. Qd2 Nc6 13. Rad1 Be7 14. Bxg6 hxg6 15.
Qf4 g5 16. Nxg5 f6 17. Nf3 fxe5 18. Nxe5 O-O-O 19. Ne2 Rdf8 20. Qe3 Rf5 21. Ng3
Bg5 22. Qe2 Bf4 23. Nxd7 Bxg3 24. fxg3 Rfh5 25. Qxe6 1-0

[Event "Landesklasse Ost 2015/2016"]
[Site "?"]
[Date "2015.10.25"]
[Round "2"]
[White "Seele, Hartmut"]
[Black "Schumacher, Andreas"]
[Result "1-0"]
[WhiteElo "1756"]
[BlackElo "1732"]
[PlyCount "51"]
[EventDate "2015.??.??"]
[EventType "team"]
[SourceDate "2011.09.20"]
[WhiteTeam "SV Medizin Erfurt"]
[BlackTeam "SG Arnstadt-Stadtilm"]

1. e4 c5 2. d4 cxd4 3. c3 d6 4. cxd4 Nf6 5. Nc3 a6 6. Nf3 e6 7. Bd3 Be7 8. O-O
O-O 9. Qe2 b5 10. e5 dxe5 11. dxe5 Nd5 12. Rd1 Qc7 13. Ng5 g6 14. Nxh7 Kxh7 15.
Qh5+ Kg8 16. Bxg6 fxg6 17. Qxg6+ Kh8 18. Rd3 Bh4 19. Qh6+ Kg8 20. Qxh4 Rf7 21.
Bh6 Ra7 22. Rg3+ Rg7 23. Bxg7 Qxg7 24. Qd8+ Kh7 25. Rxg7+ Rxg7 26. Nxd5 1-0

[Event "Landesklasse Ost 2015/2016"]
[Site "?"]
[Date "2015.10.25"]
[Round "2"]
[White "Rudolf, Robby"]
[Black "Schelter, Mario"]
[Result "0-1"]
[WhiteElo "1501"]
[BlackElo "1609"]
[PlyCount "38"]
[EventDate "2015.??.??"]
[EventType "team"]
[SourceDate "2011.09.20"]
[WhiteTeam "SG Arnstadt-Stadtilm"]
[BlackTeam "SV Medizin Erfurt"]

1. e4 e5 2. Nf3 Nc6 3. d4 exd4 4. Bc4 Be7 5. c3 d6 6. Qb3 Na5 7. Bxf7+ Kf8 8.
Qa4 c6 9. Bxg8 Kxg8 10. Qxd4 Bf6 11. Qd3 Be6 12. Bf4 Nc4 13. Qe2 Qb6 14. Bxd6
Nxd6 15. e5 Bc4 16. Qd2 Ne4 17. Qf4 Qxf2+ 18. Kd1 Be2+ 19. Kc1 Bg5 0-1

[Event "Landesklasse Ost 2015/2016"]
[Site "?"]
[Date "2015.10.25"]
[Round "2"]
[White "Lindner, Ferdinand"]
[Black "Hoyer, Willy"]
[Result "0-1"]
[WhiteElo "1651"]
[BlackElo "1671"]
[PlyCount "62"]
[EventDate "2015.??.??"]
[EventType "team"]
[SourceDate "2011.09.20"]
[WhiteTeam "SV Medizin Erfurt"]
[BlackTeam "SG Arnstadt-Stadtilm"]

1. e4 Nf6 2. e5 Nd5 3. c4 Nb6 4. d4 d6 5. Nf3 Nc6 6. exd6 exd6 7. Be2 Be7 8.
O-O Bf6 9. Nc3 Bf5 10. Re1 O-O 11. a3 Re8 12. Be3 h6 13. c5 dxc5 14. dxc5 Bxc3
15. bxc3 Nd5 16. Bc4 Nxe3 17. fxe3 Qe7 18. Qb3 Na5 19. Qb4 Nxc4 20. Qxc4 Rad8
21. Nd4 Be4 22. Rad1 Rd5 23. Nb3 Rxd1 24. Rxd1 Qg5 25. Rd2 Qxe3+ 26. Rf2 Re7
27. Nd2 Bd3 28. Qd5 Bg6 29. Nf3 Kh7 30. Qxb7 Qxc5 31. Qb2 Re3 0-1